[Event "Bad Woerishofen op 16th"]
[Site "Bad Woerishofen"]
[Date "2000.03.24"]
[Round "8"]
[White "Nun, Gottfried"]
[Black "Fahnenschmidt, Gerhard"]
[Result "0-1"]
[WhiteElo "2146"]
[BlackElo "2336"]
[PlyCount "58"]
[EventDate "2000.03.??"]
[EventType "swiss"]
[EventRounds "9"]
[EventCountry "GER"]
[SourceTitle "CBM 075 Extra"]
[Source "ChessBase"]
[SourceDate "2000.05.11"]
[SourceVersion "2"]
[SourceVersionDate "2000.05.11"]
[SourceQuality "1"]

1. d4 d5 2. c4 dxc4 3. Nf3 Nf6 4. e3 e6 5. Bxc4 c5 6. 0-0 a6 7. Bb3 Nc6 8. Nc3 cxd4 9. exd4 Be7 10. Re1 0-0 11. a3 b5 12. d5 exd5 13. Qd3 Bb7 14. Bg5 d4 15. Bxf6 Bxf6 16. Nd5 g6 17. Rac1 Na5 18. Nxf6+ Qxf6 19. Ba2 Bxf3 20. Qxf3 Qxf3 21. gxf3 Rad8 22. Rc7 Rd6 23. Rec1 d3 24. b4 d2 25. Rd1 Nc6 26. Kf1 Ne5 27. Rc3 Rfd8 28. Bb1 R8d7 29. f4 Nc4 0-1

[Event "Bad Woerishofen op 16th"]
[Site "Bad Woerishofen"]
[Date "2000.03.20"]
[Round "4"]
[White "Nun, Gottfried"]
[Black "Huhn, Ulrich"]
[Result "1/2-1/2"]
[WhiteElo "2146"]
[BlackElo "1810"]
[PlyCount "24"]
[EventDate "2000.03.??"]
[EventType "swiss"]
[EventRounds "9"]
[EventCountry "GER"]
[SourceTitle "CBM 075 Extra"]
[Source "ChessBase"]
[SourceDate "2000.05.11"]
[SourceVersion "2"]
[SourceVersionDate "2000.05.11"]
[SourceQuality "1"]

1. d4 d5 2. c4 c6 3. Nf3 Bf5 4. Nc3 e6 5. e3 Nf6 6. cxd5 exd5 7. Qb3 Qb6 8. Be2 Nbd7 9. 0-0 h6 10. Bd2 Qxb3 11. axb3 Bd6 12. Rfc1 0-0 1/2-1/2